000 00379pab a2200157 454500
008 180718b2002 xxu||||| |||| 00| 0 eng d
100 _aReddy, G.P.
245 _aSocio-economic aspects in watershed planning and management
260 _c2002
300 _ap.4-9.
362 _aSep
650 _aWatersheds
700 _aKannan, K.
773 _aKurukshetra
909 _a53739
999 _c53739
_d53739